Provinces of Sweden - Statistics

General Stats
  • This quiz has been taken 120 times
  • The average score is 15 of 25
Answer Stats
Picture Answer % Correct
Skåne
89%
Norrbotten
82%
Gotland
80%
Lappland
77%
Västerbotten
77%
Dalarna
75%
Blekinge
70%
Södermanland
70%
Halland
68%
Värmland
68%
Uppland
66%
Östergötland
64%
Jämtland
59%
Öland
59%
Småland
59%
Närke
57%
Västergötland
55%
Bohuslän
52%
Ångermanland
50%
Härjedalen
48%
Västmanland
48%
Gästrikland
45%
Dalsland
43%
Medelpad
43%
Hälsingland
32%
No matching quizzes found
Score Distribution
Percent of People with Each Score
Percentile by Number Answered
Your Score History
You have not taken this quiz